| 000 | 00391nam a22001697a 4500 | ||
|---|---|---|---|
| 003 | OSt | ||
| 008 | 220716b ||||| |||| 00| 0 eng d | ||
| 020 | _a9780367200848 | ||
| 082 | _a301 TAS | ||
| 100 | _aTaylor, Kevin | ||
| 245 | _aSociology for Pharmacists | ||
| 250 | _a2nd | ||
| 260 |
_aNew Delhi _bCRC Press _c2018 |
||
| 300 | _a190 | ||
| 650 | _aPharmacy Practice | ||
| 942 |
_2ddc _cBK |
||
| 999 |
_c11451 _d11451 |
||